000 00602nam a22002177a 4500
003 UA-OsUOA
001 45161
007 ta
008 20070329b un ||||| |||| 00| 0 ukr d
100 _aМержвинський В.
090 _a82
_bМ-11
942 _cSA
040 _aUA-OsUOA
_bukr
_cUA-OsUOA
_dUA-OsUOA
245 _aПоетика заголовків драматичних творів Лесі Українки
300 _aС.32-41
955 _a0
041 _aukr
080 _a82
773 0 _w45159
650 7 _a82 Література. Літературознавство
_2UDC
999 _c331270
_d331270